The Finnish parliament / (Record no. 2265)
[ view plain ]
| 000 -LEADER | |
|---|---|
| fixed length control field | 00831cam a2200289 i 4500 |
| 001 - CONTROL NUMBER | |
| control field | 3254787 |
| 003 - CONTROL NUMBER IDENTIFIER | |
| control field | OSt |
| 005 - DATE AND TIME OF LATEST TRANSACTION | |
| control field | 20230621152756.0 |
| 008 - FIXED-LENGTH DATA ELEMENTS--GENERAL INFORMATION | |
| fixed length control field | 800721s1979 fi a b 000 0 eng |
| 010 ## - LIBRARY OF CONGRESS CONTROL NUMBER | |
| LC control number | 80486316 |
| 015 ## - NATIONAL BIBLIOGRAPHY NUMBER | |
| National bibliography number | Fi79-10 |
| 020 ## - INTERNATIONAL STANDARD BOOK NUMBER | |
| International Standard Book Number | 951201808X |
| 040 ## - CATALOGING SOURCE | |
| Original cataloging agency | DLC |
| Transcribing agency | DLC |
| Modifying agency | DLC |
| 041 1# - LANGUAGE CODE | |
| Language code of text/sound track or separate title | engfin |
| 043 ## - GEOGRAPHIC AREA CODE | |
| Geographic area code | e-fi--- |
| 082 00 - DEWEY DECIMAL CLASSIFICATION NUMBER | |
| Classification number | 328.48 |
| Item number | BEL |
| 130 0# - MAIN ENTRY--UNIFORM TITLE | |
| Uniform title | Suomen eduskunta. |
| Language of a work | English. |
| 245 14 - TITLE STATEMENT | |
| Title | The Finnish parliament / |
| Statement of responsibility, etc. | ed. and ill. by Jussi Jäppinen ; transl., Aaron Bell. |
| 260 ## - PUBLICATION, DISTRIBUTION, ETC. (IMPRINT) | |
| Place of publication, distribution, etc. | [Jyväskylä] : |
| Name of publisher, distributor, etc. | Gummerus, |
| Date of publication, distribution, etc. | 1979. |
| 300 ## - PHYSICAL DESCRIPTION | |
| Extent | 92, [3] p. : |
| Other physical details | ill. ; |
| Dimensions | 26 cm. |
| 500 ## - GENERAL NOTE | |
| General note | Translation of Suomen eduskunta. |
| 504 ## - BIBLIOGRAPHY, ETC. NOTE | |
| Bibliography, etc | Bibliography: p. [95] |
| 610 10 - SUBJECT ADDED ENTRY--CORPORATE NAME | |
| Corporate name or jurisdiction name as entry element | Finland. |
| Subordinate unit | Eduskunta. |
| 700 1# - ADDED ENTRY--PERSONAL NAME | |
| Personal name | Jäppinen, Jussi. |
| 906 ## - LOCAL DATA ELEMENT F, LDF (RLIN) | |
| a | 7 |
| b | cbc |
| c | orignew |
| d | 4 |
| e | ncip |
| f | 19 |
| g | y-gencatlg |
| 942 ## - ADDED ENTRY ELEMENTS (KOHA) | |
| Source of classification or shelving scheme | Dewey Decimal Classification |
| Koha item type | Books |
| Withdrawn status | Lost status | Source of classification or shelving scheme | Damaged status | Not for loan | Home library | Current library | Date acquired | Total Checkouts | Full call number | Barcode | Date last seen | Price effective from | Koha item type |
|---|---|---|---|---|---|---|---|---|---|---|---|---|---|
| Dewey Decimal Classification | County Hall Archives | County Hall Archives | 06/21/2023 | 328.48 BEL | 10001062 | 06/21/2023 | 06/21/2023 | Books |
